Doktor úr zenés bohózat a színházban /

Elmentve itt :
Bibliográfiai részletek
Szerzők: Ökrös László
Siflis József
Dokumentumtípus: Cikk
Megjelent: 1969-02-04
Sorozat:Délmagyarország 59 No. 28
Kulcsszavak:Szegedi Nemzeti Színház, Színházi élet Szeged 1969
Online Access:http://dmarchiv.bibl.u-szeged.hu/75101
LEADER 00545nab a2200169 i 4500
001 delm75101
005 20180928084317.0
008 180928s1969 hu o 0|| hun d
040 |a SZTE Délmagyarország Archívum  |b hun 
041 |a hun 
100 1 |a Ökrös László 
245 1 0 |a Doktor úr   |h [elektronikus dokumentum] :  |b zenés bohózat a színházban /  |c  Ökrös László 
260 |c 1969-02-04 
300 |a 5 
490 0 |a Délmagyarország  |v 59 No. 28 
695 |a Szegedi Nemzeti Színház, Színházi élet Szeged 1969 
700 0 1 |a Siflis József  |e aut